00346nam a2200133Ia 4500003000400000008004100004020002400045040000800069100002100077245004000098260004700138300001400185365001300199LDD181029s9999 xx 000 0 und d a521674352cUS24.99 cLDD aKoplow, David A. 0aNon-Lethal WeaponscDavid A. Koplow aNew YorkbCambridge University Pressc2006 aix, 194p. bUS24.99